000 01239cab a2200277 4500
001 ABS57167
008 090401t1997 xxu||||| |||| 00| 0 eng d
035 _a(Sirsi) u79150
041 _aeng
100 _aPhillips, R.
245 4 _aThe ups and downs of a modern rent review
260 _c1997
350 _a0
490 _aCSM (Chartered Surveyor Monthly)
_v6(9) June 1997, 32-33(2)
520 _aConsiders four recent rent review cases "Royal Bank of Scotland v Jennings" (Abs57013), "Addin Investments Ltd v SoS Environment" (Abs56876), "Royal Insurance Property Services Ltd v Cliffway" (WB3247-33) and "Melanesian Mission Trust Board v Australian Mutual Provident Society" which show that results in these cases can be unpredictable. Also calls for better guidance on these legal points.
650 _aADDIN INVESTMENTS V SOS ENVIRONMENT
650 _aBUSINESS TENANCIES
650 _aMELANESIAN MISSION TRUST V AUSTRALIAN MUTUAL
650 _aRENT REVIEW PROVISIONS
650 _aRENT REVIEWS
650 _aROYAL BANK OF SCOTLAND V JENNINGS & OTHERS
650 _aROYAL INSURANCE PROPERTY SERVICES LTD V CLIFFWAY LTD
690 _aLANDLORD AND TENANT-CASE LAW-RENT REVIEWS
942 _n0
948 _c24/06/1997
999 _c49747
_d49747